| 000 | 00548nam a2200181 u 4500 | ||
|---|---|---|---|
| 001 | 000638023 | ||
| 003 | AM-YeHGA | ||
| 005 | 20250617140715.0 | ||
| 008 | 090303s1962 ||| r 000 0 rus d | ||
| 040 | _aAM-YeHGA | ||
| 041 | 0 | _arus | |
| 100 | 1 | _aМарков, Алексей Яковлевич | |
| 245 | 1 | 0 |
_aЕрмак : _bПоэма / _cАлексей Марков. |
| 260 |
_aМосква : _bСов. писатель, _c1962. |
||
| 300 |
_a104 с. : _bил. |
||
| 650 | 1 | 4 | _aРусская советская поэзия |
| 090 | _c226634 | ||
| 999 |
_c225093 _d225093 |
||